| 000 | 00378nam a2200145Ia 4500 | ||
|---|---|---|---|
| 008 | 150301s2013 xx 000 0 und d | ||
| 082 |
_a610 _bB2011B |
||
| 100 | _aBICKLEY ,LYNN.S | ||
| 245 | _aBATE'S GUIDE TO PHYSICAL EXAMINATION AND HISTORY TAKING | ||
| 250 | _a11TH | ||
| 260 |
_bWOLTERS KLUWER _aNEW DELHI _c2013 |
||
| 300 | _a1-994 | ||
| 650 | _aMEDICINE | ||
| 942 |
_2ddc _cBK |
||
| 999 |
_c6922 _d6922 |
||